Najczęściej wymieniane postacie w Biblii - Statystyki

Ogólne statystyki
  • Ten quiz został rozwiązany 2 493 razy
  • Średni wynik to 12 z 50
Statystyki odpowiedzi
# Postać % Poprawnych
1370 Jezus
100%
206 Piotr
83%
87 Jan
77%
186 Józef
76%
99 Juda
73%
784 Mojżesz
72%
173 Paweł
72%
278 Abraham
64%
968 Dawid
59%
516 Jakub
53%
47 Noe
47%
122 Izaak
45%
274 Salomon
43%
56 Piłat
38%
57 Izajasz
27%
91 Eljasz
23%
49 Sara
22%
192 Jozue
20%
124 Jeremiasz
19%
121 Samuel
19%
333 Aaron
18%
335 Saul
18%
77 Daniel
17%
81 Ezaw
11%
88 Nabuchodonozor
8%
51 Beniamin
7%
44 Lewi
6%
44 Rachela
6%
117 Ezechiasz
4%
46 Ruben
4%
52 Gedeon
3%
43 Isaj
3%
83 Jonatan
3%
92 Absalom
2%
53 Asa
2%
79 Jeroboam
2%
41 Jojakim
2%
49 Jozjasz
2%
69 Manasses
2%
79 Achab
1%
59 Balaam
1%
41 Balak
1%
67 Jehoszafat
1%
46 Jehu
1%
121 Joab
1%
53 Abner
0%
61 Eleazar
0%
42 Joasz
0%
42 Sadok
0%
54 Sedecjasz
0%
Nie znaleziono quizów pasujących do podanych kryteriów
Rozkład punktacji
Procent ludzi z każdym wynikiem
Percentyl według liczby udzielonych odpowiedzi
Twoja historia wyników
Nie rozwiązałeś tego quizu